000 00742nam a2200205Ii 4500
003 JO-AjNU
008 230605s9999||||xx |||||||||||||| ||und||
040 _aJO-AjNU
_bara
_erda
_cJO-AjNU
041 _aara
050 1 4 _aDT82.5.I72.M3732 1990
100 3 _aتاليف مردان، جمال مصطفى,
_eauthor
_919090
245 0 0 _aعبد الناصر والعراق 1952-1963
250 _aط1
264 3 1 _aالقاهرة: المكتبة الشرقية، 1990
300 _a182ص
336 _atext
_btxt
_2rdacontent
337 _aunmediated
_bn
_2rdamedia
338 _avolume
_bnc
_2rdacarrier
650 4 _aمصر-علاقات خارجية-العراق،مصر -تاريخ1952-1963-جمال عبد الناصر رئيس مصر
_919091
999 _aA6228
_c9796
_d9796